LEADER 01764nam 2200409 n 450 001 996391439003316 005 20200824121744.0 035 $a(CKB)4940000000105505 035 $a(EEBO)2240889846 035 $a(UnM)99855309e 035 $a(UnM)99855309 035 $a(EXLCZ)994940000000105505 100 $a19920825d1613 uy | 101 0 $aeng 135 $aurbn||||a|bb| 200 14$aThe last terrible tempestious windes and weather$b[electronic resource] $eTruely relating many lamentable ship-wracks, with drowning of many people, on the coasts of England, Scotland, France and Ireland: with the Iles of Wight, Garsey & Iarsey. Shewing also, many great mis-fortunes, that haue lately hapned on land, by reason of the windes and rayne, in diuers places of this kingdome 210 $aImprinted at London $c[By Edward Allde and John Beale] for Ios: Hunt and are to be sold by Iohn Wright$d1613 215 $a[24] p 300 $aPrinters' names from STC. "Beale pr[inted]. only quire B". 300 $aWith a title-page woodcut. 300 $aSignatures: AČ B-C? DČ . 300 $aRunning title reads: The great tempest. 300 $a"These things heereafter following were related to me by certaine saylers and countrey people, since the first were printed ..", D1-2. 300 $aReproduction of the original in the British Library. 330 $aeebo-0018 606 $aStorms$zEngland$vEarly works to 1800 606 $aStorms$vEarly works to 1800 615 0$aStorms 615 0$aStorms 801 0$bCu-RivES 801 1$bCu-RivES 801 2$bCStRLIN 801 2$bWaOLN 906 $aBOOK 912 $a996391439003316 996 $aThe last terrible tempestious windes and weather$92345768 997 $aUNISA LEADER 00785nam0-2200277 --450 001 9910321455503321 005 20260128120233.0 010 $a0198140819 100 $a20190529d1998----kmuy0itay5050 ba 101 0 $aeng$agrc 102 $aGB 105 $ay 001yy 200 1 $aPeace$fAristophanes$gedited with introduction and commentary by S. Douglas Olson 210 $aOxford$cClarendon Press$d1998 215 $aLXXIV, 330 p.$d23 cm 500 10$aPax$93645901 676 $a882.01$v22$zita 700 0$aAristophanes$0602827 702 1$aOlson,$bS. Douglas 801 0$aIT$bUNINA$gREICAT$2UNIMARC 901 $aBK 912 $a9910321455503321 952 $aP2B 610 ARISTOPH 09 (1)$bBibl. 2019$fFLFBC 959 $ainserire BAS 996 $aPax$93645901 997 $aUNINA